Jacques Mornard : gestiones para obtener su libertad preparatoria /

Jacques Mornard fue sentenciado en México a 20 años de prisión por privar de la vida a León Trotsky. Durante el tiempo que compurgaba su pena observó buena conducta por lo que solicitó su libertad preparatoria ante el Departamento de Prevención Social de la Secretaría de Gobernación. El propósito de...

Popoln opis

Shranjeno v:
Bibliografske podrobnosti
Glavni avtor: Ceniceros, Eduardo (autor)
Format: Knjiga
Jezik:španščina
Teme:
Oznake: Označite
Brez oznak, prvi označite!

MARC

LEADER 00000nam^a2200000^a^4500
001 000182474
005 20250521000000.0
009 20260310102007.413
037 |a Acervo ITESO - Biblioteca 
041 |a ESP 
082 |a 345. 72077  |b CEN 
100 |a Ceniceros, Eduardo  |e (autor) 
245 1 0 |a Jacques Mornard :  |b gestiones para obtener su libertad preparatoria /  |c E. Ceniceros. 
264 |a México :  |b Imprenta Gráfica Atenea,  |c 1957 
300 |a 281 p. 
336 |a texto  |b txt  |2 rdacontenido 
337 |a sin mediación  |b n  |2 rdamedio 
338 |a volumen  |b nc  |2 rdasoporte 
520 |a Jacques Mornard fue sentenciado en México a 20 años de prisión por privar de la vida a León Trotsky. Durante el tiempo que compurgaba su pena observó buena conducta por lo que solicitó su libertad preparatoria ante el Departamento de Prevención Social de la Secretaría de Gobernación. El propósito de la presente obra es mostrar el proceso legal que siguió él y su defensor, con el resultado adverso, debido -según el autor- a la deliberada negación de libertad pronunciada por los magistrados del Segundo Tribunal Colegiado del primer circuito en México. 
649 |a XX 
650 |a Presos -  |z México 
650 |a Libertad Preparatoria -  |z México 
650 |a Libertad Anticipada -  |z México 
650 |a Sentencias -  |z México 
650 |a Derecho Penal -  |z México 
650 |a Derecho Procesal Penal -  |z México 
650 |a Derecho Público -  |z México 
650 |a Mornard, Jacques 
910 |a Fondo General 
920 |a Impresos - Libros 
930 |a Colección General 
905 |a 101 
901 |a 0500122282  |b IT1  |c ACC  |u 20250521 
902 |a https://opac.biblio.iteso.mx/vufind/Record/000182474